LEADER 01020nam0-22003251--450- 001 990008332180403321 005 20060522110108.0 010 $a290497413X 035 $a000833218 035 $aFED01000833218 035 $a(Aleph)000833218FED01 035 $a000833218 100 $a20060522d1995----km-y0itay50------ba 101 0 $afre 102 $aFR 105 $ay---n---001yy 200 1 $a<>Gaule romaine et le droit latin$erecherches sur l'histoire administrative et sur la romanisation des habitants$fAndre Chastagnol 210 $aLyon$cDe Boccard$d1995 215 $a347 p.$cill$d30 cm 225 1 $aCollection du Centre d'etudes romaines et gallo-romaines. N. S 300 $aNel front.: Scripta varia 3 676 $a349.237$v20 700 1$aChastagnol,$bAndré$0408492 801 0$aIT$bUNINA$gRICA$2UNIMARC 901 $aBK 912 $a990008332180403321 952 $aDDR-Scr. Chastagnol II$b3411$fDDR 959 $aDDR 996 $aGaule romaine et le droit latin$9743863 997 $aUNINA LEADER 01064nam--2200337---450- 001 990002164400203316 005 20090420134229.0 035 $a000216440 035 $aUSA01000216440 035 $a(ALEPH)000216440USA01 035 $a000216440 100 $a20041111d1977----km-y0itay0103----ba 101 0 $aita 102 $aIT 105 $a||||||||001yy 200 1 $aStoria delle religioni e scienze umane$eil rapporto con la sociologia della religione$elezioni del corso di storia delle religioni dell'a.a. 1976-77$fGiovanni Filoramo 210 $aTorino$cGiappichelli$d1977 215 $a140 p.$d23 cm 410 0$12001 454 1$12001 461 1$1001-------$12001 700 1$aFILORAMO,$bGiovanni$0136210 801 0$aIT$bsalbc$gISBD 912 $a990002164400203316 951 $aII.2. 5016 (ISP V 140)$b48655 E.C.$cISP V$d00189739 959 $aBK 969 $aECO 979 $aSIAV6$b10$c20041111$lUSA01$h1727 979 $aRSIAV1$b90$c20090420$lUSA01$h1342 996 $aStoria delle religioni e scienze umane$91037916 997 $aUNISA